Classical mechanics of particles and rigid bodies / (Record no. 136239)

MARC details
000 -LEADER
fixed length control field 00758nam a22002417a 4500
005 - DATE AND TIME OF LATEST TRANSACTION
control field 20170124110256.0
010 ## - LIBRARY OF CONGRESS CONTROL NUMBER
LC control number A-895855
020 ## - INTERNATIONAL STANDARD BOOK NUMBER
Terms of availability 00.00
International Standard Book Number 8122410243
035 ## - SYSTEM CONTROL NUMBER
System control number A-895855
037 ## - SOURCE OF ACQUISITION
Source of stock number/acquisition Cen Lib/Ret
040 ## - CATALOGING SOURCE
Original cataloging agency DPL
Language of cataloging EN
082 ## - DEWEY DECIMAL CLASSIFICATION NUMBER
Classification number 531
Item number GUP
100 ## - MAIN ENTRY--PERSONAL NAME
Personal name Gupta, Kiran C.
9 (RLIN) 134243
245 ## - TITLE STATEMENT
Title Classical mechanics of particles and rigid bodies /
Statement of responsibility, etc by Kiran C. Gupta
250 ## - EDITION STATEMENT
Edition statement 2nd ed
260 ## - PUBLICATION, DISTRIBUTION, ETC. (IMPRINT)
Place of publication, distribution, etc New Delhi
Name of publisher, distributor, etc New Age International
Date of publication, distribution, etc 1997
270 ## - ADDRESS
Address 4835/24 Ansari Road Daryaganj
City New Delhi
Postal code 110002
300 ## - PHYSICAL DESCRIPTION
Extent xx, 666p. :
Dimensions 24cm(pbk)
500 ## - GENERAL NOTE
General note Includes bibliographical references andindex
650 ## - SUBJECT ADDED ENTRY--TOPICAL TERM
Topical term or geographic name as entry element Mechanics.
9 (RLIN) 19941
650 ## - SUBJECT ADDED ENTRY--TOPICAL TERM
Topical term or geographic name as entry element Priciples of Mechanics.
9 (RLIN) 19942
942 ## - ADDED ENTRY ELEMENTS (KOHA)
Source of classification or shelving scheme Dewey Decimal Classification
Koha item type English Books
Classification part 531
Call number suffix GUP
Holdings
Withdrawn status Lost status Damaged status Not for loan Home library Current library Date acquired Source of acquisition Total Checkouts Total Renewals Full call number Barcode Date last seen Date checked out Copy number Price effective from Koha item type
        Central Library Central Library 16/02/2016 Cen Lib/Ret 3 2 531 GUP A-895855 20/12/2019 11/11/2019 1 15/09/2016 English Books

© Delhi Public Library
Hit Counter
free hit counter